000 00502nam a2200193Ia 4500
008 151121s9999||||xx |||||||||||||| ||und||
082 _a215/ MUK
082 _bHNW-73873
100 _aMukhyananda Swami
245 _aVedanta : Modern Science
260 _b"Center- Our World View, Calcutta"
260 _c--
300 _a301
600 _aMukhyananda Swami
630 _aVedanta : Modern Science
700 _aMukhyananda Swami
730 _aVedanta : Modern Science
942 _cBOOK
999 _c1255328
_d1255325